[Event "Barcelona La Lira op 14th"]
[Site "Barcelona"]
[Date "2023.06.15"]
[Round "9"]
[White "Arcas Lopez, Josep Antoni"]
[Black "Rodriguez Espanol, Xavier"]
[Result "1-0"]
[WhiteElo "1411"]
[BlackElo "1549"]
[PlyCount "63"]
[EventDate "2023.04.20"]
[EventType "swiss"]
[EventRounds "9"]
[EventCountry "ESP"]
[SourceTitle "EXT 2024"]
[Source "ChessBase"]
[SourceDate "2023.10.10"]
[SourceVersion "1"]
[SourceVersionDate "2023.10.10"]
[SourceQuality "1"]

1. e4 d5 2. exd5 Qxd5 3. Nc3 Qd6 4. d4 Nf6 5. Bd3 Nc6 6. Nge2 Bg4 7. f3 Bh5 8. Bf4 Qd7 9. Qd2 e6 10. 0-0-0 Bb4 11. Be3 Nd5 12. g4 Bg6 13. Bxg6 hxg6 14. Bf2 0-0-0 15. Qd3 Nb6 16. a3 Bd6 17. h3 a6 18. d5 Ne5 19. Qe4 Nbc4 20. f4 exd5 21. Nxd5 Qb5 22. Bd4 Nd7 23. Nb4 c5 24. Nc3 Qb6 25. Bxg7 Rhe8 26. Qxc4 Kb8 27. Nbd5 Qc6 28. Nf6 b5 29. Qd5 Bxf4+ 30. Kb1 Qxd5 31. Ncxd5 Nxf6 32. Bxf6 1-0

[Event "Barcelona La Lira op 39th"]
[Site "Barcelona"]
[Date "2023.01.20"]
[Round "1"]
[White "Colomer Gomez, Jordi"]
[Black "Arcas Lopez, Josep Antoni"]
[Result "1-0"]
[WhiteElo "1784"]
[BlackElo "1461"]
[PlyCount "79"]
[EventDate "2023.01.20"]
[EventType "swiss"]
[EventRounds "8"]
[EventCountry "ESP"]
[SourceTitle "CBM 213 Extra"]
[Source "ChessBase"]
[SourceDate "2023.05.31"]
[SourceVersion "1"]
[SourceVersionDate "2023.05.31"]
[SourceQuality "1"]

1. e4 e5 2. Nf3 Nc6 3. Bc4 Nf6 4. d3 Bc5 5. Bg5 h6 6. Bh4 d6 7. a3 a6 8. c3 Ba7 9. 0-0 g5 10. Bg3 Nh5 11. Nxe5 Nxe5 12. Bxe5 dxe5 13. Qxh5 Qe7 14. a4 Be6 15. Na3 0-0-0 16. Rad1 Kb8 17. Bxe6 Qxe6 18. Nc4 g4 19. Ne3 Rhg8 20. Qf5 Qxf5 21. Nxf5 h5 22. g3 f6 23. Kg2 Rh8 24. b4 c5 25. b5 a5 26. Ne7 Ka8 27. Nd5 f5 28. c4 Rhf8 29. Nc7+ Kb8 30. Ne6 Rde8 31. Nxf8 Rxf8 32. exf5 Rxf5 33. f3 gxf3+ 34. Rxf3 Rg5 35. Rf6 b6 36. Rdf1 Rg8 37. Rf8+ Rxf8 38. Rxf8+ Kb7 39. Rf5 Bb8 40. Rxh5 1-0

[Event "Barcelona La Lira op 38th"]
[Site "Barcelona"]
[Date "2020.02.14"]
[Round "5"]
[White "Arcas Lopez, Josep Antoni"]
[Black "Sanchez Coves, Juan Josep"]
[Result "0-1"]
[WhiteElo "1410"]
[BlackElo "1509"]
[PlyCount "86"]
[EventDate "2020.01.17"]
[EventType "swiss"]
[EventRounds "8"]
[EventCountry "ESP"]
[SourceTitle "CBM 195 Extra"]
[Source "ChessBase"]
[SourceDate "2020.05.31"]
[SourceVersion "1"]
[SourceVersionDate "2020.05.31"]
[SourceQuality "1"]

1. e4 d6 2. Nf3 Nf6 3. e5 dxe5 4. Nxe5 Qd5 5. Nf3 Bg4 6. Nc3 Qd8 7. h3 Bh5 8. g4 Bg6 9. Nh4 Ne4 10. Ne2 e5 11. Nxg6 hxg6 12. Ng3 Qd4 13. Qe2 Nxg3 14. fxg3 Nd7 15. d3 Bc5 16. c3 Qd6 17. Be3 0-0 18. 0-0-0 Bxe3+ 19. Qxe3 Qd5 20. Qe4 Qxa2 21. Kc2 Nc5 22. Qb4 Qd5 23. Be2 a5 24. Qc4 Qxc4 25. dxc4 Ne4 26. Rhg1 Nf2 27. Rd7 Nxh3 28. Rgd1 Rac8 29. R1d5 e4 30. Rxa5 Ng1 31. Bf1 f5 32. Bg2 Ne2 33. gxf5 Rxf5 34. Ra7 Nxg3 35. Bh3 Rf2+ 36. Kb3 Nf5 37. Rxb7 e3 38. Rd1 e2 39. Re1 Rd8 40. Bg4 Ng3 41. Bxe2 Nxe2 42. Rxc7 Rb8+ 43. Ka2 Nxc3+ 0-1

[Event "Barcelona La Lira op 38th"]
[Site "Barcelona"]
[Date "2020.01.31"]
[Round "3"]
[White "Mulet Gomez, Marti"]
[Black "Arcas Lopez, Josep Antoni"]
[Result "1-0"]
[WhiteElo "1700"]
[BlackElo "1410"]
[PlyCount "117"]
[EventDate "2020.01.17"]
[EventType "swiss"]
[EventRounds "8"]
[EventCountry "ESP"]
[SourceTitle "CBM 195 Extra"]
[Source "ChessBase"]
[SourceDate "2020.05.31"]
[SourceVersion "1"]
[SourceVersionDate "2020.05.31"]
[SourceQuality "1"]

1. e4 e5 2. Nf3 Nc6 3. Bc4 Bc5 4. Nc3 Nf6 5. d3 0-0 6. Bg5 h6 7. Bh4 Be7 8. a3 d6 9. h3 Be6 10. Bxe6 fxe6 11. Qd2 Nd4 12. Ne2 Nxf3+ 13. gxf3 c5 14. Rg1 Nh5 15. Bxe7 Qxe7 16. Qxh6 Nf4 17. Nxf4 Rxf4 18. Qh5 Raf8 19. 0-0-0 Rxf3 20. Rg4 Rxf2 21. Rdg1 Rf1+ 22. Rxf1 Rxf1+ 23. Kd2 b5 24. Rh4 Qf6 25. Qe8+ Qf8 26. Qxe6+ Rf7 27. Rh5 Qe7 28. Qg6 Rf6 29. Qh7+ Kf7 30. Rf5 Rxf5 31. Qxf5+ Qf6 32. Qd7+ Kg6 33. Qxb5 Qf2+ 34. Kc3 Qf7 35. Qb8 Qe7 36. Qc8 Kg5 37. Qf5+ Kh6 38. b4 cxb4+ 39. axb4 Qc7+ 40. Kd2 g6 41. Qg4 Qe7 42. c3 Qg5+ 43. Ke2 Qxg4+ 44. hxg4 Kg5 45. Kf3 Kf6 46. d4 a6 47. dxe5+ Kxe5 48. c4 Kd4 49. b5 axb5 50. cxb5 Kc5 51. Kf4 Kxb5 52. e5 Kc6 53. exd6 Kxd6 54. Kg5 Ke6 55. Kxg6 Ke7 56. Kh7 Kf6 57. Kh6 Kf7 58. g5 Kg8 59. Kg6 1-0